Revolutionary constitutionalism and why it was essential to declare the fifteenth amendment unconstitutional / (Record no. 57784)

MARC details
000 -LEADER
fixed length control field 00800nam\a2200253\a\4500
001 - CONTROL NUMBER
control field 57784
005 - DATE AND TIME OF LATEST TRANSACTION
control field 20260427143758.0
008 - FIXED-LENGTH DATA ELEMENTS--GENERAL INFORMATION
fixed length control field 260427s2025 bg 000 0 eng
020 ## - INTERNATIONAL STANDARD BOOK NUMBER
ISBN 9789845066594
040 ## - CATALOGING SOURCE
Original cataloging agency DLC
Language of cataloging eng
Description conventions rda
Transcribing agency DLC
Modifying agency BD-DhIUB
082 ## - DEWEY DECIMAL CLASSIFICATION NUMBER
Edition number 22
Classification number 342.73087
Item number B4699r
100 ## - MAIN ENTRY--PERSONAL NAME
Personal name Bhuiyan, Sharif
9 (RLIN) 7165
245 00 - TITLE STATEMENT
Title Revolutionary constitutionalism and why it was essential to declare the fifteenth amendment unconstitutional /
Statement of responsibility, etc Sharif Bhuiyan.
250 ## - EDITION STATEMENT
Edition statement 1st ed.
260 ## - PUBLICATION, DISTRIBUTION, ETC. (IMPRINT)
Place of publication, distribution, etc Dhaka:
Name of publisher, distributor, etc The Universuty Press Limited,
Date of publication, distribution, etc 2025
300 ## - PHYSICAL DESCRIPTION
Extent xii, 174 pages
526 ## - STUDY PROGRAM INFORMATION NOTE
School name School of Law
Department Law
Shelving Location Law
541 ## - IMMEDIATE SOURCE OF ACQUISITION NOTE
Source of acquisition Risaam
650 #0 - SUBJECT ADDED ENTRY--TOPICAL TERM
Topical term or geographic name as entry element Constitutional law
9 (RLIN) 6786
650 #0 - SUBJECT ADDED ENTRY--TOPICAL TERM
Topical term or geographic name as entry element Reconstruction
9 (RLIN) 7166
650 #0 - SUBJECT ADDED ENTRY--TOPICAL TERM
Topical term or geographic name as entry element Civil rights
9 (RLIN) 7164
942 ## - ADDED ENTRY ELEMENTS (KOHA)
Source of classification or shelving scheme Dewey Decimal Classification
Koha item type Books
Holdings
Withdrawn status Lost status Source of classification or shelving scheme Damaged status Not for loan Home library Current library Shelving location Date acquired Source of acquisition Cost, normal purchase price Serial Enumeration / chronology Total Checkouts Full call number Barcode Date last seen Copy number Cost, replacement price Price effective from Koha item type
    Dewey Decimal Classification   Not For Loan Library, Independent University, Bangladesh (IUB) Library, Independent University, Bangladesh (IUB) Law 30/03/2026 Purchase 465.00 2025   342.73087 B4699r 029602 27/04/2026 01 930.00 30/03/2026 Books